| 000 | 00802nam a2200301 a 4500 | ||
|---|---|---|---|
| 001 | |||
| 003 | DO-SdBNP | ||
| 005 | 20220708101707.0 | ||
| 007 | |||
| 008 | 081124s2004 sp a 001 0 spa d | ||
| 020 | _a8489163839 | ||
| 040 |
_aBPMSU _bspa _cBPMSU |
||
| 082 |
_aCu863.2 _bM378e, 2004 _222 |
||
| 100 | 1 |
_aMartí, José, _d1853-1895 |
|
| 245 | 1 | 3 |
_aLa edad de oro / _cJosé Martí |
| 250 | _a4a.ed | ||
| 260 |
_aLa Habana, Cuba : _bGente Nueva, _c2004 |
||
| 300 |
_a188 p. ; _c19 cm. _b |
||
| 490 | 0 | _aClásicos universales | |
| 500 | _a | ||
| 590 | _6Inventariado extranjero, 2021/VM | ||
| 650 | 4 | _aCuentos juveniles cubanos | |
| 650 | 4 | _aLliteratura juvenil cubana | |
| 910 | _aVMateo V. | ||
| 930 | 1 |
_l _m _6 _8 _f _p |
|
| 930 | 1 |
_l _m _6 _8 _f _p _h |
|
| 942 |
_2ddc _cBK |
||
| 999 |
_c13482 _d13482 |
||